Jak využívame výpočetní tomografií a ultrazvukovou diagnostiku k monitorování léčby na našem oddělení ; V. Chudoba, J. Růčka, F. Beška, I. Štefánek, J. Dokulil

Bibliographic Details
Main Authors: Chudoba, V. (Author), Růčka, J. (Author), Beška, F. (Author), Štefánek, I. (Author), Dokulil, Jan, 1910-2004 (Author)
Format: Article
Language:Czech
PhysicalDescription:Obr. 3. Tb. 2.
Subjects:

MARC

LEADER 00000nab a2200000 a 4500
001 vtls000361987
003 SK-MaSNL
005 20260304181933.0
008 220422c1988 xo 0 cze
015 |a SNBRA19rr/mm-uuuuu 
035 |a CL0362109 
040 |a SNKBUCL  |b slo  |c SNKBUCL  |e AACR2 
041 0 |a cze 
044 |a xo  |c SK 
080 |a 615.84  |2 1981 
080 |a 616-079  |2 1981 
245 0 0 |a Jak využívame výpočetní tomografií a ultrazvukovou diagnostiku k monitorování léčby na našem oddělení ; V. Chudoba, J. Růčka, F. Beška, I. Štefánek, J. Dokulil 
300 |b Obr. 3. Tb. 2. 
650 0 7 |a rádioterapia  |2 snkbucl  |9 2580 
650 0 7 |a rádiodiagnostika  |2 snkbucl  |9 15781 
650 0 7 |a tomografia počítačová  |2 snkbucl  |9 891509 
650 0 7 |a ultrazvuk  |2 snkbucl  |9 15026 
655 7 |a články zo zborníkov  |2 snkbucl  |9 166140 
700 1 |a Chudoba, V.  |4 aut  |9 1144098 
700 1 |a Růčka, J.  |4 aut  |9 1512490 
700 1 |a Beška, F.  |4 aut  |9 991836 
700 1 |a Štefánek, I.  |4 aut  |9 1512491 
700 1 |a Dokulil, Jan,  |d 1910-2004  |4 aut  |9 177106 
773 0 |t Aktuality z klinickej onkológie 18  |d Bratislava : Ústav klinickej onkológie, 1988  |g S. 24-28 
850 |a Slovenská národná knižnica v Martine  |a MTA001 
852 |a SNK  |b KIS3GCP 
958 |a RK 
958 |a ME 
992 |a RZB 
999 |c 3026813  |d 3028743